000 00416nam a2200181Ia 4500
001 19781
005 20260306172718.0
008 260306t2014||||xx |||||||||||||| ||spa||
041 _aESP
082 _a341.1
_bF43
100 _aFerrari, Vincenzo
_eAUT
245 0 _aFunciones del derecho
260 _c2014
300 _a332 páginas :
_c21 cm.
650 _aGEN
654 _aCDE
942 _cLIB
_dJUS
_fJUS
_2ddc
_n
999 _c19781
_d19781